Diode lasers and photonic integrated circuits

Uloženo v:
Podrobná bibliografie
Hlavní autoři: Coldren, Larry A (Autor), Corzine, Scott W (Autor)
Médium: Kniha
Jazyk:angličtina
Vydáno: Nueva York John Wiley 1995
Edice:Wiley Series in Microwave and Optical Engineering
Témata:
Tagy: Přidat tag
Žádné tagy, Buďte první, kdo vytvoří štítek k tomuto záznamu!

MARC

LEADER 00000nam a2200000 a 4500
001 UCQ6358
003 CL-VaPUC
008 981016e19950000US |||||||||||||||||eng|d
082 0 4 |a 621.366  |b COL  |2 21 
100 0 |a Coldren, Larry A  |e author  |9 420228 
700 0 |a Corzine, Scott W  |e author  |9 420229 
245 1 0 |a Diode lasers and photonic integrated circuits 
300 |a 594 p 
942 |c BK 
945 |d 19981016 00:00:00  |a aarredon 
260 |a Nueva York  |b John Wiley  |c 1995 
650 0 |a Diodos  |9 260678 
650 7 |a LASER  |2 CL-VaPUC  |9 360528 
650 7 |a PROPIEDADES OPTICAS  |2 CL-VaPUC  |9 420230 
650 7 |a COMUNICACIONES OPTICAS  |2 CL-VaPUC  |9 420231 
650 0 |a Optica   |9 263171 
650 7 |a ENERGIA LUMINOSA  |2 CL-VaPUC  |9 420232 
650 0 |a Radiación  |9 259874 
650 0 |a Amplificadores   |9 338119 
650 0 |a Semiconductores  |9 260250 
583 |a last modification  |c 19981016 00:00:00  |k Rodrigo Vera 
490 0 |a Wiley Series in Microwave and Optical Engineering 
999 |c 276341  |d 276339 
952 |0 0  |1 0  |4 0  |6 621_366000000000000_COL_1995  |7 0  |8 A  |9 313529  |a BIBING  |b BIBING  |d 2019-11-20  |i 3470911  |o 621.366 COL 1995  |p 3470911  |r 2025-01-20  |w 2019-11-20  |y BK  |k EIE